[Event "V Torneo Settembre Vomero"]
[Site "Napoli ITA"]
[Date "2008.10.09"]
[Round "2"]
[White "De Rosa, Francesco"]
[Black "Ricci, Giuseppe"]
[Result "1-0"]
[WhiteElo "1940"]
[BlackElo "1910"]
[PlyCount "125"]
[EventDate "2008.10.02"]

1. d4 d5 2. c4 c6 3. Nf3 Nf6 4. Nc3 Nbd7 5. e3 e6 6. Bd3 dxc4 7. Bxc4 b5 8. Bd3
Bb7 9. Bd2 Be7 10. O-O O-O 11. Rc1 a6 12. Ne4 Nxe4 13. Bxe4 Rc8 14. b4 Nf6 15.
Bb1 Re8 16. Ne5 Qd5 17. Qf3 Qxf3 18. gxf3 Red8 19. a3 Bd6 20. Nd3 Nd7 21. f4
Be7 22. f3 a5 23. Rfd1 axb4 24. Bxb4 Bxb4 25. axb4 c5 26. bxc5 Bxf3 27. Rd2 Nf6
28. Ne5 Bc6 29. Nxc6 Rxc6 30. Kf2 Ng4+ 31. Kf3 f5 32. Rb2 Ra8 33. h3 Nf6 34.
Rxb5 Ra3 35. Rb8+ Kf7 36. Rb7+ Kg6 37. Rg1+ Kh6 38. Rgxg7 Rca6 39. Bc2 Rc3 40.
Rg2 Raa3 41. Re2 Nd5 42. Kf2 Nxe3 43. Bb3 Raxb3 44. Rxb3 Nd1+ 45. Ke1 Rxb3 46.
Kxd1 Rd3+ 47. Rd2 Ra3 48. Kc2 Kg6 49. Rd3 Ra6 50. Rb3 Kf6 51. Rb6 Ra4 52. Kc3
Ra3+ 53. Rb3 Ra6 54. Kc4 Ra4+ 55. Rb4 Ra3 56. c6 Ra8 57. Kc5 h5 58. Kd6 Rd8+
59. Kc7 Ke7 60. Kb7 Kd6 61. c7 Rd7 62. Rb6+ Kd5 63. Kb8 1-0

[Event "V Torneo Settembre Vomero"]
[Site "Napoli ITA"]
[Date "2008.10.09"]
[Round "2"]
[White "Esposito, Pino"]
[Black "De Meo, Guido"]
[Result "0-1"]
[WhiteElo "1857"]
[BlackElo "1721"]
[PlyCount "90"]
[EventDate "2008.10.02"]

1. Nf3 c5 2. b3 d5 3. Bb2 Nf6 4. e3 Nc6 5. Bb5 Bg4 6. O-O e6 7. d4 Be7 8. dxc5
Bxf3 9. Qxf3 Bxc5 10. Nd2 Be7 11. Rfd1 O-O 12. a3 a6 13. Bd3 e5 14. Bf5 g6 15.
Bh3 Qc7 16. Qe2 Rfe8 17. Nb1 Rad8 18. Qf3 Ne4 19. Nc3 Ng5 20. Qg3 Nxh3+ 21.
Qxh3 d4 22. Ne2 Qb6 23. exd4 exd4 24. Qd3 Bf6 25. Nf4 Qc7 26. Ne2 Ne5 27. Qd2
d3 28. cxd3 Rxd3 29. Qc1 Rxd1+ 30. Qxd1 Ng4 31. Ng3 Bxb2 32. Ra2 Qc1 33. Qxc1
Bxc1 34. Re2 Rd8 35. Re1 Bxa3 36. h3 Nf6 37. Kf1 Bc5 38. Rc1 b6 39. Ke2 a5 40.
f3 Nh5 41. Ne4 Nf4+ 42. Kf1 Ne6 43. Ke1 Kg7 44. g3 f5 45. Nd2 Bb4 0-1

[Event "V Torneo Settembre Vomero"]
[Site "Napoli ITA"]
[Date "2008.10.09"]
[Round "2"]
[White "Ficco, Corrado"]
[Black "D'Errico, Francesco"]
[Result "1-0"]
[WhiteElo "2140"]
[BlackElo "1682"]
[PlyCount "69"]
[EventDate "2008.10.02"]

1. e4 c6 2. d4 d5 3. exd5 cxd5 4. c4 Nf6 5. Nc3 e6 6. Nf3 Bb4 7. Bd3 dxc4 8.
Bxc4 O-O 9. O-O Nc6 10. Bg5 Be7 11. Rc1 Nd5 12. Bxe7 Ncxe7 13. Ne4 b6 14. Re1
Bb7 15. a3 Nf5 16. Qd2 Nd6 17. Bd3 Nxe4 18. Bxe4 Rc8 19. Rcd1 Rc7 20. Bb1 Nf6
21. Qf4 Bxf3 22. Qxf3 Qd5 23. Qf4 Rfc8 24. h3 Nh5 25. Qd2 Nf6 26. Re3 Rd8 27.
Rg3 Ne4 28. Bxe4 Qxe4 29. Rxg7+ Kh8 30. Qg5 Rcd7 31. Qf6 Qf5 32. Rxf7+ Qxf6 33.
Rxf6 e5 34. d5 Rxd5 35. Rf8+ 1-0

[Event "V Torneo Settembre Vomero"]
[Site "Napoli ITA"]
[Date "2008.10.09"]
[Round "2"]
[White "Gallo, Thomas Renato"]
[Black "Longobardi, Giuseppe"]
[Result "1-0"]
[WhiteElo "1878"]
[BlackElo "2008"]
[PlyCount "57"]
[EventDate "2008.10.02"]

1. d4 f5 2. c4 Nf6 3. Nc3 e6 4. Bg5 d5 5. Bxf6 gxf6 6. cxd5 exd5 7. e3 c6 8.
Qh5+ Ke7 9. Bd3 Qe8 10. Qf3 Qg6 11. Nge2 Qg4 12. Ng3 Qxf3 13. gxf3 f4 14. Nf5+
Bxf5 15. Bxf5 fxe3 16. fxe3 Nd7 17. Ke2 Re8 18. Rae1 Bh6 19. Kd3 Nb6 20. b3 Kd6
21. Rhg1 Re7 22. Re2 Rhe8 23. Rge1 a5 24. e4 Bf4 25. exd5 cxd5 26. Nb5+ Kc6 27.
Rxe7 Rxe7 28. Rxe7 Kxb5 29. Rxh7 1-0

[Event "V Torneo Settembre Vomero"]
[Site "Napoli ITA"]
[Date "2008.10.09"]
[Round "2"]
[White "Garano, Nicola"]
[Black "Caccaviello, Vincenzo"]
[Result "1-0"]
[WhiteElo "2251"]
[BlackElo "1700"]
[PlyCount "115"]
[EventDate "2008.10.02"]

1. e4 d6 2. d4 g6 3. Nc3 Bg7 4. Be3 Nf6 5. Be2 c6 6. h4 Qa5 7. f3 Nh5 8. g4 Ng3
9. Rh3 Nxe2 10. Qxe2 h5 11. O-O-O b5 12. a3 Ba6 13. Qd2 Bc8 14. Qg2 b4 15. axb4
Qxb4 16. Nge2 a5 17. gxh5 Bxh3 18. Qxh3 Nd7 19. hxg6 fxg6 20. Nf4 Rb8 21. Ne6
Bf6 22. Nc7+ Kd8 23. Na6 Qxb2+ 24. Kd2 Ra8 25. Rb1 Qxb1 26. Nxb1 Rxa6 27. Bf2
Rb6 28. Na3 Rb4 29. c3 Rb2+ 30. Nc2 Bg5+ 31. Kd3 a4 32. Qg4 Bf6 33. Qg1 Bxh4
34. Bxh4 Rxh4 35. Qa1 Rb6 36. Qxa4 c5 37. Qa8+ Kc7 38. Ne3 e6 39. Nc4 Rb8 40.
Qa5+ Kc6 41. Qa6+ Nb6 42. Na5+ Kc7 43. Qa7+ Kc8 44. Qe7 Rh5 45. Qe8+ Kc7 46.
Qc6+ Kd8 47. Qxd6+ Kc8 48. Qxe6+ Nd7 49. Qc6+ Kd8 50. Qxg6 c4+ 51. Nxc4 Rhb5
52. e5 Nf8 53. Qf6+ Kc7 54. Qd6+ Kb7 55. f4 Ka7 56. Qa3+ Kb7 57. Nd6+ Kc6 58.
Nxb5 1-0

[Event "V Torneo Settembre Vomero"]
[Site "Napoli ITA"]
[Date "2008.10.09"]
[Round "2"]
[White "Giglio, Achille"]
[Black "Cosenza, Gianni"]
[Result "0-1"]
[WhiteElo "1615"]
[BlackElo "1950"]
[PlyCount "134"]
[EventDate "2008.10.02"]

1. e4 e6 2. d4 d5 3. Nd2 Nf6 4. e5 Nfd7 5. f4 c5 6. c3 Nc6 7. Ne2 Qb6 8. Nb3 a5
9. a4 Be7 10. Qc2 cxd4 11. Nexd4 Nxd4 12. Nxd4 f6 13. exf6 Nxf6 14. Bd3 O-O 15.
Qe2 Bc5 16. Be3 Re8 17. O-O e5 18. fxe5 Rxe5 19. Qd2 Ne4 20. Qc1 Bg4 21. Kh1
Rae8 22. Bf4 Rh5 23. Bxe4 dxe4 24. Qd2 Bd6 25. Qf2 e3 26. Qg3 Bxf4 27. Qxf4 Qg6
28. Rae1 Rhe5 29. h3 Bd7 30. b3 h6 31. Rf3 Re4 32. Qc7 Bc6 33. Rg3 Qf6 34. Rf3
Qh4 35. Re2 R4e7 36. Qg3 Qxg3 37. Rxg3 Be4 38. Kg1 Bd3 39. Re1 Re5 40. Rf3 b5
41. axb5 Bxb5 42. c4 Bd7 43. g4 h5 44. Nf5 hxg4 45. hxg4 Bxf5 46. gxf5 Kf7 47.
Rf4 Kf6 48. Kg2 Rb8 49. Rb1 e2 50. Kf2 Rxb3 51. Re1 Rb2 52. Rf3 a4 53. c5 Rxc5
54. Rxe2 Rxe2+ 55. Kxe2 Rxf5 56. Ra3 Ra5 57. Kf3 Kg5 58. Kg3 g6 59. Kf3 Kh4 60.
Kg2 g5 61. Rh3+ Kg4 62. Rg3+ Kf4 63. Rf3+ Ke4 64. Ra3 Kd4 65. Kg3 Kc4 66. Kg4
Kb4 67. Ra1 a3 0-1

[Event "V Torneo Settembre Vomero"]
[Site "Napoli ITA"]
[Date "2008.10.09"]
[Round "2"]
[White "Lombardi, Ottavio"]
[Black "Salomone, Raffaele"]
[Result "1/2-1/2"]
[WhiteElo "1766"]
[BlackElo "1529"]
[PlyCount "67"]
[EventDate "2008.10.02"]

1. d4 d5 2. c4 c6 3. Nf3 Nf6 4. Nc3 Bf5 5. Bg5 h6 6. Bh4 e6 7. e3 Be7 8. Be2
O-O 9. O-O Ne4 10. Bxe7 Qxe7 11. Nxe4 Bxe4 12. Nd2 Nd7 13. Nxe4 dxe4 14. c5 Nf6
15. b4 a6 16. a4 a5 17. b5 Nd5 18. bxc6 bxc6 19. Qc2 f5 20. Rab1 Rfb8 21. Rb2
Rxb2 22. Qxb2 Nb4 23. Rb1 Kh8 24. Qb3 Rd8 25. f3 e5 26. Qc3 exd4 27. exd4 e3
28. Rd1 f4 29. Qb2 Qf6 30. Bc4 h5 31. Qc3 h4 32. h3 Qe7 33. Re1 Qf6 34. Rd1
1/2-1/2

[Event "V Torneo Settembre Vomero"]
[Site "Napoli ITA"]
[Date "2008.10.09"]
[Round "2"]
[White "Lombardo, Michele"]
[Black "Parente, Giuseppe"]
[Result "1/2-1/2"]
[WhiteElo "2011"]
[BlackElo "1826"]
[PlyCount "110"]
[EventDate "2008.10.02"]

1. e4 c5 2. Nc3 Nc6 3. g3 g6 4. Bg2 Bg7 5. d3 d6 6. Be3 Nf6 7. h3 Rb8 8. Qd2 b5
9. Bh6 O-O 10. Nge2 Nd4 11. Bxg7 Kxg7 12. g4 e5 13. Ng3 h6 14. Nd1 Nh7 15. c3
Ne6 16. O-O Qh4 17. Ne2 Nhg5 18. Qe3 Nf4 19. Nxf4 exf4 20. Qxf4 Nxh3+ 21. Bxh3
Qxh3 22. Ne3 Be6 23. f3 Rfd8 24. Rf2 Qh4 25. Re1 g5 26. Nf5+ Bxf5 27. Qxf5 Qg3+
28. Kf1 Qe5 29. Qxe5+ dxe5 30. Ke2 Rd6 31. Ke3 Rbd8 32. Rd2 b4 33. Red1 bxc3
34. bxc3 Rb8 35. d4 cxd4+ 36. cxd4 exd4+ 37. Rxd4 Rxd4 38. Rxd4 a5 39. Rd5 Ra8
40. Kd3 Ra6 41. Rf5 a4 42. Kc3 a3 43. Kb4 Kg6 44. Rc5 f6 45. Rc3 h5 46. gxh5+
Kxh5 47. Rxa3 Rxa3 48. Kxa3 Kh4 49. Kb4 Kg3 50. a4 Kxf3 51. a5 g4 52. a6 g3 53.
a7 g2 54. a8=Q g1=Q 55. e5+ Kf4 1/2-1/2

[Event "V Torneo Settembre Vomero"]
[Site "Napoli ITA"]
[Date "2008.10.09"]
[Round "2"]
[White "Miccoli, Livio"]
[Black "Falco, Claudio"]
[Result "0-1"]
[WhiteElo "1589"]
[BlackElo "1416"]
[PlyCount "140"]
[EventDate "2008.10.02"]

1. e4 e5 2. Nf3 Nc6 3. Bb5 d6 4. d4 exd4 5. Nxd4 Bd7 6. Nc3 a6 7. Bc4 Nf6 8.
O-O Be7 9. Be3 O-O 10. Re1 b5 11. Bf1 Ne5 12. f3 c5 13. Nde2 Qc7 14. Nf4 Be6
15. Ncd5 Nxd5 16. Nxd5 Qb7 17. Nxe7+ Qxe7 18. b3 Rad8 19. Qd2 f6 20. Qf2 Rc8
21. a4 Qb7 22. Red1 Rfd8 23. axb5 axb5 24. Ra5 Rb8 25. Rxb5 Qc7 26. Qd2 Rxb5
27. Bxb5 Bf7 28. Ra1 Bh5 29. Qd5+ Bf7 30. Qd2 Bh5 31. Qa5 Qc8 32. Kf2 Rf8 33.
Qa6 Qb8 34. g4 Bxg4 35. Bc4+ Kh8 36. fxg4 Nxg4+ 37. Ke2 d5 38. Bxd5 Qxh2+ 39.
Kd3 Qg3 40. Kc3 Qxe3+ 41. Qd3 Qxd3+ 42. Kxd3 Ne5+ 43. Ke3 h5 44. c3 Kh7 45. b4
cxb4 46. cxb4 Rb8 47. Rb1 g5 48. Be6 h4 49. b5 Kh6 50. b6 h3 51. b7 g4 52. Bc8
Kg5 53. Rf1 Nc4+ 54. Kf2 Nd6 55. Rc1 Nxe4+ 56. Kg1 Nd6 57. Kh2 Kh4 58. Ra1 Nxc8
59. bxc8=Q Rxc8 60. Rg1 Rc2+ 61. Kh1 g3 62. Rd1 Rf2 63. Rd4+ Kg5 64. Rd5+ f5
65. Rd1 Rf1+ 66. Rxf1 g2+ 67. Kg1 gxf1=Q+ 68. Kxf1 Kf4 69. Kf2 h2 70. Kg2 Ke3
0-1

[Event "V Torneo Settembre Vomero"]
[Site "Napoli ITA"]
[Date "2008.10.09"]
[Round "2"]
[White "Pinto, Gaetano"]
[Black "Parise, Mariano"]
[Result "1-0"]
[WhiteElo "2044"]
[BlackElo "1547"]
[PlyCount "54"]
[EventDate "2008.10.02"]

1. d4 d5 2. c4 Nf6 3. cxd5 Nxd5 4. e4 Nf6 5. Nc3 e5 6. Nf3 exd4 7. Qxd4 Qxd4 8.
Nxd4 Bb4 9. f3 c6 10. Bg5 Nbd7 11. O-O-O h6 12. Bh4 g6 13. e5 Bxc3 14. bxc3 Nd5
15. c4 Nc7 16. f4 Nc5 17. Nb5 N7e6 18. Nc7+ Kf8 19. Nxa8 g5 20. f5 gxh4 21.
fxe6 Nxe6 22. c5 Ke7 23. Bc4 Nxc5 24. Nc7 Bd7 25. Rhf1 Rf8 26. e6 fxe6 27. Rxf8
Kxf8 1-0

[Event "V Torneo Settembre Vomero"]
[Site "Napoli ITA"]
[Date "2008.10.09"]
[Round "2"]
[White "Romano, Felice"]
[Black "Di Gennaro, Antonio"]
[Result "0-1"]
[WhiteElo "1461"]
[BlackElo "1625"]
[PlyCount "80"]
[EventDate "2008.10.02"]

1. e4 c5 2. Nf3 d6 3. d4 cxd4 4. Nxd4 Nf6 5. Nc3 a6 6. Be2 e5 7. Nb3 Be7 8. O-O
O-O 9. Be3 Be6 10. Nd2 b5 11. a3 Nbd7 12. f4 exf4 13. Bxf4 Ne5 14. b3 Rc8 15.
Na2 Qc7 16. Rc1 Qc5+ 17. Kh1 Qxa3 18. Ra1 Qc5 19. Bxe5 dxe5 20. Bd3 Ng4 21. Qe1
Ne3 22. Rf3 Nxc2 23. Bxc2 Qxc2 24. Nf1 Qc7 25. Nc1 Rfd8 26. Ne2 Qb7 27. Neg3 g6
28. Nf5 Bf8 29. Qh4 Bxf5 30. exf5 Rd4 31. Qg5 Rf4 32. Nd2 Rxf3 33. Nxf3 Rc5 34.
Rd1 Rd5 35. Re1 Qc7 36. f6 h6 37. Qg3 Bd6 38. Qh4 Bf8 39. Qe4 Qd6 40. Nxe5 Rd1
0-1

[Event "V Torneo Settembre Vomero"]
[Site "Napoli ITA"]
[Date "2008.10.09"]
[Round "2"]
[White "Romano, Filippo"]
[Black "Benedetto, Massimo"]
[Result "1/2-1/2"]
[WhiteElo "1682"]
[BlackElo "2032"]
[PlyCount "77"]
[EventDate "2008.10.02"]

1. Nf3 Nf6 2. d4 e6 3. Bg5 h6 4. Bxf6 Qxf6 5. e4 d6 6. Bd3 e5 7. dxe5 dxe5 8.
Nbd2 Nc6 9. c3 a6 10. h3 Bc5 11. b4 Ba7 12. a4 O-O 13. O-O Be6 14. Bc4 Rfd8 15.
Bxe6 Qxe6 16. Qe2 Ne7 17. Rfd1 Ng6 18. Qc4 Qb6 19. Qf1 Qf6 20. g3 Rd6 21. Qe2
Rc6 22. c4 Bd4 23. Nxd4 exd4 24. Nf3 Rd8 25. e5 Qe7 26. Nxd4 Rb6 27. Nc2 Rxd1+
28. Rxd1 Qxe5 29. Qxe5 Nxe5 30. c5 Re6 31. Rd8+ Kh7 32. f4 Nc6 33. Rd7 Re7 34.
Rxe7 Nxe7 35. Nd4 Kg6 36. g4 Kf6 37. Kf2 Nd5 38. b5 Nxf4 39. c6 1/2-1/2

[Event "V Torneo Settembre Vomero"]
[Site "Napoli ITA"]
[Date "2008.10.09"]
[Round "2"]
[White "Rosato, Luciano"]
[Black "Vannini, Aldo"]
[Result "1-0"]
[WhiteElo "2260"]
[BlackElo "1882"]
[PlyCount "44"]
[EventDate "2008.10.02"]

1. d4 Nf6 2. c4 e6 3. Nf3 b6 4. g3 Bb7 5. Bg2 Be7 6. O-O O-O 7. Nc3 d5 8. Ne5
c5 9. Be3 Nc6 10. Nxc6 Bxc6 11. cxd5 Nxd5 12. Nxd5 exd5 13. b3 Rc8 14. Qd2 Ba8
15. Rac1 Qd7 16. Rfd1 Rfd8 17. dxc5 bxc5 18. Bg5 Bxg5 19. Qxg5 h6 20. Qh5 Qc6
21. Rd2 Rd6 22. Rdc2 Qb6 1-0

[Event "V Torneo Settembre Vomero"]
[Site "Napoli ITA"]
[Date "2008.10.09"]
[Round "2"]
[White "Sorrentino, Michele"]
[Black "Esposito, Rosario"]
[Result "1/2-1/2"]
[WhiteElo "2039"]
[BlackElo "1869"]
[PlyCount "74"]
[EventDate "2008.10.02"]

1. Nf3 Nf6 2. d4 g6 3. Nbd2 Bg7 4. e4 d6 5. Bc4 O-O 6. O-O Nc6 7. c3 a6 8. a4
Bd7 9. Qc2 Na5 10. Ba2 b5 11. b4 Nb7 12. a5 c5 13. e5 Bf5 14. Qd1 dxe5 15. dxe5
Nd5 16. Qb3 c4 17. Nxc4 bxc4 18. Qxc4 e6 19. Qb3 Bd3 20. Re1 Rc8 21. Bb2 Bc4
22. Qa3 Bxa2 23. Rxa2 Qe7 24. Qb3 Rc7 25. Raa1 Rfc8 26. Rac1 Nd8 27. g3 Nc6 28.
Ba3 Qe8 29. c4 Nde7 30. Qa4 Nf5 31. b5 Ncd4 32. Nxd4 Nxd4 33. Qd1 Nxb5 34. cxb5
Rxc1 35. Bxc1 Qxb5 36. Bd2 Rd8 37. Qc1 Bxe5 1/2-1/2

[Event "V Torneo Settembre Vomero"]
[Site "Napoli ITA"]
[Date "2008.10.09"]
[Round "2"]
[White "Tortorella, Edoardo"]
[Black "Iannotta, Francesco"]
[Result "0-1"]
[WhiteElo "1529"]
[BlackElo "1515"]
[PlyCount "60"]
[EventDate "2008.10.02"]

1. d3 e5 2. Nc3 d5 3. Bd2 Nf6 4. e3 Nc6 5. Be2 Bc5 6. a3 d4 7. Na4 Be7 8. Nf3
b5 9. exd4 exd4 10. Nxd4 Nxd4 11. Nc3 O-O 12. O-O Bb7 13. Be3 Nxe2+ 14. Qxe2 a6
15. Rae1 Re8 16. Qd2 Bd6 17. Bg5 Be7 18. Re3 Qd6 19. Rfe1 Ng4 20. Rh3 Bxg5 21.
Rxe8+ Rxe8 22. Qd1 Nf6 23. Rg3 Bf4 24. Rh3 Qc6 25. Rf3 Ng4 26. Ne4 Bxh2+ 27.
Kh1 Qb6 28. Rf5 Qh6 29. Qxg4 Bd6+ 30. Qh3 Qc1# 0-1

[Event "V Torneo Settembre Vomero"]
[Site "Napoli ITA"]
[Date "2008.10.16"]
[Round "3"]
[White "Accardo, Francesco"]
[Black "Capozzoli, Silvio"]
[Result "1/2-1/2"]
[WhiteElo "1865"]
[BlackElo "1949"]
[PlyCount "73"]
[EventDate "2008.10.02"]

1. g4 d5 2. Bg2 Bxg4 3. c4 c6 4. cxd5 cxd5 5. Qb3 e6 6. Qa4+ Nc6 7. Qxg4 Nf6 8.
Qa4 Bd6 9. Nf3 O-O 10. Nc3 a6 11. O-O b5 12. Qh4 Ne7 13. d3 Ng6 14. Qh3 b4 15.
Na4 Qa5 16. b3 Rac8 17. Be3 e5 18. Bb6 Qb5 19. Rac1 Nf4 20. Qxc8 Nxe2+ 21. Kh1
Rxc8 22. Rxc8+ Bf8 23. Nxe5 Nd7 24. Nxd7 Qxd7 25. Rd8 Qe7 26. Nc5 Nf4 27. Nd7
Ng6 28. Bxd5 Qd6 29. Be4 f5 30. Bg2 Qe7 31. Bd5+ Kh8 32. Nxf8 Nxf8 33. d4 h6
34. Ra8 Kh7 35. Bc5 Qe2 36. Bc4 Qf3+ 37. Kg1 1/2-1/2

[Event "V Torneo Settembre Vomero"]
[Site "Napoli ITA"]
[Date "2008.10.16"]
[Round "3"]
[White "Angelotti, Mario"]
[Black "Vannini, Aldo"]
[Result "0-1"]
[WhiteElo "1410"]
[BlackElo "1882"]
[PlyCount "76"]
[EventDate "2008.10.02"]

1. e4 e6 2. Nf3 d5 3. exd5 exd5 4. d4 c6 5. Bf4 Nf6 6. Nbd2 Bg4 7. a3 Nbd7 8.
h3 Bh5 9. g4 Bg6 10. Qe2+ Qe7 11. O-O-O Qxe2 12. Bxe2 Ne4 13. Nxe4 Bxe4 14.
Rhe1 O-O-O 15. Ng5 Bg6 16. Bd3 Bxd3 17. Rxd3 Rg8 18. Nxf7 Nf6 19. Nxd8 Kxd8 20.
Rb3 Kc8 21. g5 Nh5 22. Re8+ Kd7 23. Ra8 Nxf4 24. Rxb7+ Kd6 25. Raxa7 Ne2+ 26.
Kd2 Nxd4 27. Ra8 Nf3+ 28. Ke3 Nxg5 29. h4 Ne6 30. a4 Ke5 31. a5 Bc5+ 32. Kd3
Rxa8 33. b4 Bxf2 34. c4 Rxa5 35. bxa5 Nc5+ 36. Kc3 Nxb7 37. a6 Na5 38. Kb4 Nxc4
0-1

[Event "V Torneo Settembre Vomero"]
[Site "Napoli ITA"]
[Date "2008.10.16"]
[Round "3"]
[White "Caccaviello, Vincenzo"]
[Black "Romano, Felice"]
[Result "1-0"]
[WhiteElo "1700"]
[BlackElo "1461"]
[PlyCount "95"]
[EventDate "2008.10.02"]

1. e4 c5 2. Nf3 d6 3. d4 cxd4 4. Nxd4 Nf6 5. Nc3 a6 6. a4 Nc6 7. Be2 e6 8. O-O
Be7 9. Be3 Bd7 10. h3 Qc7 11. Nb3 O-O 12. a5 Rac8 13. Re1 Qb8 14. f3 Ne5 15.
Na4 Bxa4 16. Rxa4 d5 17. exd5 Nxd5 18. Bf2 Bd6 19. c3 Rfd8 20. Qb1 Ng6 21. Bd3
Ndf4 22. Bf1 Be5 23. Rd1 Bf6 24. Nc5 Bh4 25. Rxd8+ Rxd8 26. g3 Nxh3+ 27. Bxh3
Bxg3 28. Qc2 Nh4 29. Rxh4 Bxh4 30. Bxh4 Rd5 31. b4 b6 32. Nxe6 bxa5 33. bxa5
Qd6 34. Nd4 Rh5 35. Qe4 g6 36. Bf1 Rxa5 37. Bc4 Ra1+ 38. Kg2 a5 39. Qe8+ Kg7
40. Qxf7+ Kh6 41. Bf6 Rg1+ 42. Kxg1 Qg3+ 43. Kf1 Qh3+ 44. Ke2 Qg2+ 45. Ke3 Qg1+
46. Ke4 Qb1+ 47. Kd5 Qb6 48. Qg7+ 1-0

[Event "V Torneo Settembre Vomero"]
[Site "Napoli ITA"]
[Date "2008.10.16"]
[Round "3"]
[White "Cosenza, Gianni"]
[Black "Lombardo, Michele"]
[Result "0-1"]
[WhiteElo "1950"]
[BlackElo "2011"]
[PlyCount "66"]
[EventDate "2008.10.02"]

1. e4 g6 2. d4 c6 3. Nc3 d5 4. Be3 Bg7 5. Qd2 Nf6 6. f3 h5 7. e5 Nfd7 8. a4 e6
9. Nh3 c5 10. f4 cxd4 11. Bxd4 a6 12. Ng5 Nc6 13. Bf2 Bh6 14. h4 b6 15. Be2 Bb7
16. Bf3 Rc8 17. Ne2 Na5 18. b3 Qc7 19. Nd4 Nc6 20. Rc1 Nxd4 21. Bxd4 Nc5 22.
O-O Bf8 23. Kh2 Be7 24. Qe2 Ne4 25. Bxe4 dxe4 26. g3 O-O 27. Be3 Kg7 28. Qf2 b5
29. axb5 axb5 30. Rfd1 Rfd8 31. Bb6 Rxd1 32. Bxc7 Rxc1 33. c4 e3 0-1

[Event "V Torneo Settembre Vomero"]
[Site "Napoli ITA"]
[Date "2008.10.16"]
[Round "3"]
[White "D'Errico, Francesco"]
[Black "Lombardo, Claudio"]
[Result "0-1"]
[WhiteElo "1682"]
[BlackElo "1712"]
[PlyCount "96"]
[EventDate "2008.10.02"]

1. d4 Nf6 2. Nf3 d5 3. Bf4 e6 4. e3 Bd6 5. Ne5 O-O 6. Bd3 c5 7. c3 Nbd7 8. Nd2
Qc7 9. Ndf3 h6 10. O-O Nh5 11. Nxd7 Bxd7 12. Bxd6 Qxd6 13. Ne5 Nf6 14. Rc1 Rac8
15. Bb1 Qe7 16. Qd3 g6 17. Qe2 a6 18. Rfe1 Be8 19. Qf3 Kg7 20. Rcd1 Nd7 21.
Nxd7 Bxd7 22. Qg3 c4 23. e4 Qg5 24. Qxg5 hxg5 25. h3 Bc6 26. e5 b5 27. a3 a5
28. Re3 Rb8 29. Rg3 b4 30. Rxg5 bxa3 31. bxa3 Rb3 32. Rg3 Rfb8 33. Bc2 Rxa3 34.
h4 Rb2 35. Bxg6 fxg6 36. h5 Be8 37. Rf3 gxh5 38. Rf6 Rb6 39. Rc1 Bg6 40. Kh2
Bf5 41. Kg3 Rbb3 42. Kh4 Rxc3 43. Rxc3 Rxc3 44. Kxh5 Rc1 45. g4 Rh1+ 46. Kg5
Rg1 47. Rxf5 exf5 48. Kxf5 c3 0-1

[Event "V Torneo Settembre Vomero"]
[Site "Napoli ITA"]
[Date "2008.10.16"]
[Round "3"]
[White "De Meo, Guido"]
[Black "Rosato, Luciano"]
[Result "0-1"]
[WhiteElo "1721"]
[BlackElo "2260"]
[PlyCount "144"]
[EventDate "2008.10.02"]

1. d4 d6 2. Nf3 Nd7 3. Bf4 Ngf6 4. Nbd2 g6 5. e4 Bg7 6. Bd3 O-O 7. O-O Nh5 8.
Be3 e5 9. c3 Qe7 10. Qb3 Nb6 11. Rfe1 h6 12. h3 g5 13. Nc4 Nxc4 14. Bxc4 Qf6
15. Nh2 Nf4 16. Be2 Nxe2+ 17. Rxe2 Qe6 18. d5 Qg6 19. f3 f5 20. exf5 Rxf5 21.
Ng4 Rf7 22. Nf2 b6 23. c4 h5 24. Bd2 g4 25. hxg4 hxg4 26. fxg4 Bxg4 27. Qg3 Bf5
28. Qxg6 Bxg6 29. Bc3 Raf8 30. Ne4 Bh6 31. Rae1 Kg7 32. Bd2 Bxd2 33. Rxd2 Bxe4
34. Rxe4 Rf4 35. Rxf4 Rxf4 36. b3 a5 37. Re2 a4 38. Re3 Rd4 39. Rg3+ Kf7 40.
Rh3 Rd1+ 41. Kh2 Kg7 42. Rg3+ Kf6 43. Rf3+ Kg6 44. Rg3+ Kf5 45. Rf3+ Ke4 46.
Rf7 Kd3 47. g4 Rd2+ 48. Kg3 Rxa2 49. Rf3+ Ke4 50. bxa4 Rxa4 51. g5 Ra8 52. Rf7
b5 53. cxb5 Kxd5 54. Rxc7 Rb8 55. g6 Rxb5 56. g7 Rb8 57. Rb7 Rg8 58. Kf3 Ke6
59. Ke4 d5+ 60. Ke3 Kf6 61. Rd7 d4+ 62. Ke4 Rxg7 63. Rd6+ Ke7 64. Ra6 Rg5 65.
Ra7+ Kd6 66. Ra6+ Kc5 67. Ra5+ Kb4 68. Ra8 Rg4+ 69. Kxe5 d3 70. Kf5 Rh4 71. Kg5
Rd4 72. Kf5 d2 0-1

[Event "V Torneo Settembre Vomero"]
[Site "Napoli ITA"]
[Date "2008.10.16"]
[Round "3"]
[White "Della Pietra, Antonio"]
[Black "Solombrino, Giovanni"]
[Result "1/2-1/2"]
[WhiteElo "1518"]
[BlackElo "1707"]
[PlyCount "41"]
[EventDate "2008.10.02"]

1. e4 c5 2. Nf3 Nc6 3. d4 cxd4 4. Nxd4 g6 5. Nc3 Bg7 6. Be3 Nf6 7. f3 O-O 8.
Bc4 d6 9. Qd2 Bd7 10. O-O b6 11. Rad1 Rc8 12. Bb3 Nxd4 13. Bxd4 Bc6 14. Qe3 Nd7
15. Bxg7 Kxg7 16. Rd2 Qc7 17. Rfd1 Nc5 18. Bd5 Rfe8 19. Qf4 Bxd5 20. Nxd5 Qc6
21. b3 1/2-1/2

[Event "V Torneo Settembre Vomero"]
[Site "Napoli ITA"]
[Date "2008.10.16"]
[Round "3"]
[White "Di Gennaro, Antonio"]
[Black "Garano, Nicola"]
[Result "0-1"]
[WhiteElo "1625"]
[BlackElo "2251"]
[PlyCount "108"]
[EventDate "2008.10.02"]

1. e4 c5 2. Nf3 Nc6 3. d4 cxd4 4. Nxd4 Nf6 5. Nc3 e5 6. Ndb5 d6 7. Bg5 a6 8.
Na3 b5 9. Bxf6 gxf6 10. Nd5 Bg7 11. c3 f5 12. exf5 Bxf5 13. Nc2 O-O 14. Nce3
Be6 15. Bd3 f5 16. Bc2 Ne7 17. O-O Kh8 18. Nxe7 Qxe7 19. Qh5 Qd7 20. a4 Rab8
21. axb5 axb5 22. Ra6 Rf6 23. Rfa1 Rh6 24. Qd1 Bf8 25. Bb3 Rg6 26. Bxe6 Qxe6
27. Ra8 Rxa8 28. Rxa8 Rg8 29. Qd5 Qg6 30. Qf3 f4 31. Nf1 e4 32. Qh3 d5 33. Ra5
e3 34. fxe3 fxe3 35. Qf3 e2 36. Ra1 exf1=Q+ 37. Rxf1 Qe4 38. Qxe4 dxe4 39. Re1
e3 40. b4 Bh6 41. g3 Rc8 42. Re2 Rxc3 43. Rb2 Kg7 44. Kg2 Kf6 45. Kf3 Ke5 46.
g4 Rc4 47. h4 Rf4+ 48. Kg3 Bf8 49. Re2 Ke4 50. g5 Rf3+ 51. Kg2 Bxb4 52. Rb2
Rf2+ 53. Rxf2 exf2 54. Kxf2 Be7 0-1

[Event "V Torneo Settembre Vomero"]
[Site "Napoli ITA"]
[Date "2008.10.16"]
[Round "3"]
[White "Esposito, Rosario"]
[Black "Ficco, Corrado"]
[Result "0-1"]
[WhiteElo "1869"]
[BlackElo "2140"]
[PlyCount "52"]
[EventDate "2008.10.02"]

1. d4 Nf6 2. c4 g6 3. Nc3 d5 4. Bf4 Bg7 5. e3 c5 6. Nf3 cxd4 7. exd4 O-O 8. Be2
Nc6 9. O-O b6 10. Ne5 Bb7 11. cxd5 Nb4 12. Nc6 Nxc6 13. dxc6 Bxc6 14. Be5 Nd5
15. Bxg7 Kxg7 16. Bf3 Qd7 17. Re1 e6 18. Nxd5 Bxd5 19. Bxd5 Qxd5 20. Re5 Qd6
21. Rc1 Rfd8 22. Re4 Rac8 23. Rxc8 Rxc8 24. g3 Qd5 25. Qb1 Rc4 26. Qd3 Rc1+ 0-1

[Event "V Torneo Settembre Vomero"]
[Site "Napoli ITA"]
[Date "2008.10.16"]
[Round "3"]
[White "Gallo, Thomas Renato"]
[Black "Cangiano, Federico"]
[Result "1/2-1/2"]
[WhiteElo "1878"]
[BlackElo "1963"]
[PlyCount "47"]
[EventDate "2008.10.02"]

1. d4 d5 2. c4 c6 3. Nc3 Nf6 4. Nf3 a6 5. e3 b5 6. cxd5 cxd5 7. Bd3 Bg4 8. Bd2
e6 9. a4 b4 10. Ne2 Bxf3 11. gxf3 Bd6 12. Nc1 a5 13. Bb5+ Nbd7 14. Nd3 O-O 15.
Rc1 Rc8 16. h3 e5 17. dxe5 Nxe5 18. b3 Rc7 19. Ke2 Qc8 20. Rxc7 Qxc7 21. Qa1
Nxd3 22. Bxd3 Be5 23. Rc1 Qd6 24. Qb1 1/2-1/2

[Event "V Torneo Settembre Vomero"]
[Site "Napoli ITA"]
[Date "2008.10.16"]
[Round "3"]
[White "Improta, Giovanni"]
[Black "Esposito, Pino"]
[Result "1/2-1/2"]
[WhiteElo "1887"]
[BlackElo "1857"]
[PlyCount "69"]
[EventDate "2008.10.02"]

1. d4 g6 2. e4 Bg7 3. c4 d6 4. Nc3 Nd7 5. Nf3 e5 6. d5 Ne7 7. Bg5 f6 8. Be3 O-O
9. g4 g5 10. h4 h6 11. Qd2 Ng6 12. O-O-O Nf4 13. Ne2 b6 14. Ng3 Nc5 15. Bxc5
bxc5 16. Nf5 Kf7 17. hxg5 hxg5 18. Bd3 Rh8 19. Rxh8 Qxh8 20. Qa5 Qd8 21. Kc2
Bd7 22. Rh1 Kg8 23. Nd2 Rb8 24. b3 Bf8 25. Nf1 c6 26. Qxd8 Rxd8 27. N1g3 a5 28.
Nh5 Nxh5 29. Rxh5 a4 30. Kc3 axb3 31. axb3 Ra8 32. Rh1 Ra2 33. Bc2 Bxf5 34.
gxf5 cxd5 35. cxd5 1/2-1/2